000 00995nam a2200265 i 4500
001 146569
003 ES-MaACL
005 20250828090946.0
007 t|
008 070910s1956 sp ||||1| spa d
080 _a242:232.9
100 1 _aTóth, Tihamér.
_9111109
245 1 3 _aLa joven y Cristo /
_cMonseñor Tihamér Tóth, obispo de Veszprém (Hungría) ; [traductor, Antonio Sancho].
250 _a6ª ed. española.
260 _aMadrid :
_bSociedad de Educación Atenas,
_c[1956]
300 _a231 p. ;
_c20 cm.
490 1 _aColección para muchachas ;
_v3
505 8 _aContiene: Jesucristo en la vida oculta ; Jesucristo en la vida pública ; Jesucristo en su pasión y vida gloriosa
600 1 4 _aJesucristo-
_vMeditaciones.
_966371
700 1 _aSancho Nebot, Antonio,
_d1884-1961
_9103048
710 2 _aSociedad de Educación Atenas
_96665
830 1 _aColección para muchachas ;
_v3
_9220856
852 _aES-MaACL
_jC-11019
999 _c146569
_d146569